00875nmm a2200181 a 4500003000900000005001700009008004100026040001300067100002700080245004000107260003100147300001000178500039800188650002900586650001400615650003900629650002500668AR-BaBNM20251128211012.0195020s1975 ||||||||||||||000 | spa|| cAR-BaBNM1 aRamallo, Jorge María10aDidáctica renovada de la historia aBuenos Airesb[s.n.]c19750 a29 p.1 aEn esta monografía se reúnen los artículos publicados por el autor en los números 14 y 15 de la Revista Nuestra Historia de abril y agosto de 1975, con el título común de "Didáctica renovada de la historia" y se agrega como apéndice el artículo publicado en el no. 1 de la misma revista, de enero de 1968, sobre "El diálogo y el texto vivo en la enseñanza de la historia" 4aENSENANZA DE LA HISTORIA 4aDIDACTICA 4aENSENANZA DE LAS CIENCIAS SOCIALES 4aMETODOS DE ENSENANZA